Riconosci la Squadra di calcio - Quiz n°343 - Statistics

Statistiche generali
  • Questo quiz è stato fatto 38 volte
  • Il punteggio medio è 6 su 9
Statistiche sulle risposte
Indizio Risposta % Corretto
Colori sociali Bianco, blu marino, oro
97%
Confederazione CONCACAF
76%
Divisione nazionale 2023-2024 Prima
68%
Titoli nazionali 5 Titoli MLS
65%
Trofei nazionali 2 U.S. Open Cup4 Supporters' Shield
62%
Fondazione 1944
59%
Trofei internazionali 1 CONCACAF Champions' Cup/Champions League
59%
Capienza Stadio 27 000 posti
53%
Squadra LA Galaxy
47%
Nessun quiz corrispondente trovato
Distribuzione punteggi
Percentuale di utenti per punteggio
Percentile per numero di risposta
I tuoi punteggi nel tempo
Non hai fatto questo quiz